| 000 | 00540nam a2200205Ia 4500 | ||
|---|---|---|---|
| 008 | 170203s9999 xx 000 0 und d | ||
| 020 | _a1850432996 | ||
| 050 | _a291.17 | ||
| 050 | _bF535e 1990 | ||
| 100 | _aFisher, Mary Pat. | ||
| 245 | _aLiving religions / | ||
| 245 | _cMary Pat Fisher & Robert Luyster. | ||
| 260 | _bTauris, | ||
| 260 | _c1990 | ||
| 300 | _a367 pages : | ||
| 300 | _billustrations (some color), maps, portraits ; | ||
| 300 | _c25 cm. | ||
| 650 | _aReligions. | ||
| 700 | _aLuyster, Robert, Added Author. | ||
| 999 |
_c305973 _d305973 |
||